Taylor Swift - Tous les clips par images - Statistiques

Statistiques générales
  • Ce quiz a été pris 1 625 fois
    220 depuis la dernière actualisation
  • Le résultat moyen est 28 sur 44
Statistiques - réponses
Par images Réponse % Correct
The Fate of Ophelia
94%
Shake It Off
93%
22
88%
Fortnight
87%
You Belong With Me
87%
All Too Well (10 minute Version)
86%
ME!
85%
Anti-Hero
84%
Bad Blood
83%
You Need To Calm Down
82%
Blank Space
81%
cardigan
81%
Look What You Made Me Do
81%
Lover
81%
Lavender Haze
80%
The Man
80%
Bejeweled
79%
I Can Do It With a Broken Heart
75%
...Ready For It
73%
Wildest Dreams
73%
End Game
70%
Karma
69%
Out of The Woods
69%
I Don't Wanna Live Forever
66%
Tim McGraw
66%
Opalite
64%
Our Song
63%
We Are Never Ever Getting Back Together
63%
I Can See You
62%
Style
61%
willow
61%
I Knew You Were Trouble
60%
Teardrops on my Guitar
57%
Christmas Tree Farm
54%
I Bet You Think About Me
49%
Mean
40%
Picture to Burn
40%
The Best Day
38%
Back to December
33%
Safe & Sound
30%
The Story of Us
25%
Ours
22%
Change
15%
White Horse
13%
Aucun quiz correspondant
Distribution des résultats
% des personnes avec chaque résultat
Percentile par nombre de réponses
Votre historique - résultats
Vous n’avez pas pris ce quiz depuis la dernière actualisation